| 000 | 00581nam a22002177a 4500 | ||
|---|---|---|---|
| 003 | OSt | ||
| 005 | 20160919110411.0 | ||
| 008 | 160919b xxu||||| |||| 00| 0 eng d | ||
| 020 | _a978-0-07-339751-1 | ||
| 040 | _cCRI | ||
| 082 | _a658.3 | ||
| 245 |
_aHuman Development _cEditor: Karen L. Freiberg |
||
| 250 | _a36 ed. | ||
| 260 |
_aNew York _bMcGraw Hill _c2008 |
||
| 300 |
_a188 p. _c27 cm. |
||
| 490 | _aMcGraw Hill | ||
| 500 | _aÍndice: p. 185 | ||
| 650 | 0 |
_95702 _aGestión de recursos humanos |
|
| 700 | 1 |
_939706 _aFreiberg, Keren L. |
|
| 942 |
_2ddc _cBK _hprozim |
||
| 999 |
_c25905 _d25905 |
||